MARC

LEADER 00000nam0a2200000 4500
001 378546
005 20231102013019.0
035 |a (RuTPU)RU\TPU\retro\36002 
090 |a 378546 
100 |a 20230601d1978 m y0rusy50 ca 
101 0 |a rus 
102 |a RU 
105 |a a j 001zy 
200 1 |a Примеры расчетов зубчатых и червячных передач  |e пособие для курсового проектирования  |f М. Г. Лопаткин  |g Челябинский политехнический институт, Кафедра "Детали машин и подъемно-транспортных машин" 
210 |a Челябинск  |c Изд-во ЧелПИ  |d 1978 
215 |a 100 с.  |c ил. 
320 |a Библиогр.: с. 98 
606 1 |a Зубчатые передачи  |x Расчет  |2 stltpush  |3 (RuTPU)RU\TPU\subj\12083  |9 38931 
606 1 |a Червячные передачи  |x Расчет  |2 stltpush  |3 (RuTPU)RU\TPU\subj\72534  |9 86004 
610 1 |a машиностроение 
610 1 |a детали машин 
610 1 |a машины 
610 1 |a передачи 
610 1 |a проектирование 
610 1 |a ленточные транспортеры 
610 1 |a приводы 
610 1 |a транспортеры 
610 1 |a редукторы 
610 1 |a примеры 
610 1 |a учебные пособия 
675 |a 621.833.001(075.8)  |v 4 
675 |a 621.833.38(075.8)  |v 4 
700 1 |a Лопаткин  |b М. Г. 
712 0 2 |a Челябинский политехнический институт  |b Кафедра "Детали машин и подъемно-транспортных машин"  |c (1951-1990)  |2 stltpush  |3 (RuTPU)RU\TPU\col\7924 
801 1 |a RU  |b 63413507  |c 20230601 
942 |c BK